Guess Scrambled Capital Cities - Statistics

General Stats
  • This quiz has been taken 29 times
  • The average score is 6 of 7
Answer Stats
Hint Answer % Correct
atrjaka Jakarta
96%
lribne Berlin
92%
vaahan Havana
92%
mlohkscto Stockholm
85%
vasu Suva
81%
tnemoodevi Montevideo
77%
ptiriol Tripoli
69%
No matching quizzes found
Score Distribution
Percent of People with Each Score
Percentile by Number Answered
Your Score History
You have not taken this quiz